000 00281nam a2200121Ia 4500
008 190216s9999||||xx |||||||||||||| ||und||
100 _aStarling Sg
245 0 _aMechanical Properties Of Matter
260 _bMacmillan
_c1961
300 _a336p
650 _aPhysics
942 _cBK
999 _c32799
_d32799